| 000 | 01378nam a22003857a 4500 | ||
|---|---|---|---|
| 001 | 0041784 | ||
| 003 | KOHA_MİRAKIL | ||
| 005 | 20260207003249.0 | ||
| 007 | ta | ||
| 008 | 130826b2008 tu a|||gr||||#||||0|tur | | ||
| 020 | _a9789750207105 | ||
| 040 |
_aTR-BiSEU _btur _cTR-BiSEU _erda |
||
| 041 | 0 | _atur | |
| 044 | _ctu | ||
| 050 |
_aTK7881.15 _b.G87 2008 |
||
| 100 | 1 | _aGürdal, Osman. | |
| 245 | 1 |
_aGüç elektroniği/ _cOsman Gürdal ; Osman Gürdal. |
|
| 246 | _a[güç diyotları : tristörler : güç transistörleri : faz kontrollu doğrultucular : AC-AC faz kontrol : DC-DC konvertörler : inverterler : statik anahtar : güç kaynakları : tasarım ve koruma : veri ve katalog sayfaları ] | ||
| 264 | 1 |
_aAnkara : _bSeçkin _c2008 |
|
| 300 |
_aX, 664 sayfa : _bresimli ; _c27 cm. |
||
| 336 |
_ametin _btxt _2rdacontent |
||
| 337 |
_aaracısız _bn _2rdamedia |
||
| 338 |
_acilt _bnc _2rdacarrier |
||
| 490 | 1 |
_aTeknik kitapları dizisi ; _v5. |
|
| 500 | _aDizin var. | ||
| 500 | _aKaynakça var. | ||
| 650 | 0 |
_aGüç elektroniği. _92491 |
|
| 650 | 0 |
_aGüç yarıiletkenleri. _92492 |
|
| 650 | 0 |
_aElektrik akımı dönüştürücüler. _92493 |
|
| 650 | 0 |
_aPower electronics. _92494 |
|
| 650 | 0 |
_aPower semiconductors. _92495 |
|
| 650 | 0 |
_aElectric current converters. _92496 |
|
| 830 | 1 |
_aTeknik kitapları dizisi ; _v5. _977578 |
|
| 942 |
_2lcc _cBK |
||
| 999 |
_c41629 _d41629 |
||